00735naa a2200145 a 450000100080000000500110000800800410001910000110006024501270007126000090019852002550020765300250046265300120048777300900049910802752011-09-13 2010 bl uuuu u00u1 u #d1 aEpagri aAvalia????o dos nutrientes nitrogenados no cultivo de tilapia gift Orfeochromis niloticos em quatro diferentes densidades. c2010 aVerificado o comportamento dos niveis de nutrientesnitrogenados ao longo do cultivo de tilapias gift em quatro densidades e tres repeti????es cada densidade. Os n??veis de amonia, am??nia total nitrato e nitrito estiveram dentro dos padr??es normais. aComposto nitrogenado aTilapia tIn: AQUACI??NCIA, 2010, Recife, PE. [Anais...]. Jaboticabal, SP: Aquabio, 2010. p. 1.